The Nine Classic International Varieties of Wine - Statistics

General Stats
  • This quiz has been taken 414 times
  • The average score is 5 of 9
Answer Stats
Variety % Correct
{Pinot} {noir}
87%
{Chardonnay}
77%
{Merlot}
77%
{Cabernet} {Sauvignon}
75%
{Sauvignon} {blanc}
75%
{Syrah}
58%
{Riesling}
57%
{Chenin} {blanc}
19%
{Semillon}
19%
No matching quizzes found
Score Distribution
Percent of People with Each Score
Percentile by Number Answered
Your Score History
You have not taken this quiz